|
|
|
|
| LEADER |
00000nam a2200000 a 4500 |
| 001 |
vtls001145648 |
| 003 |
SK-MaSNL |
| 005 |
20260301002131.0 |
| 008 |
250414s1966 xr a 0 cze |
| 035 |
|
|
|a SNK000088504
|
| 040 |
|
|
|a SNK
|b slo
|c SNK
|e AACR2
|
| 041 |
0 |
|
|a cze
|
| 044 |
|
|
|a xr
|c CZ
|
| 080 |
|
|
|a 621.787
|2 2001
|
| 080 |
|
|
|a 621.77
|2 2001
|
| 100 |
1 |
|
|a Adam, Václav
|4 aut
|9 281419
|
| 245 |
1 |
0 |
|a Zpevňování a zpřesňování povrchu
|b Dynamické válečkování součástí
|c Václav Adam ; Spoluprac. Jan Výkruta
|
| 250 |
|
|
|a 1. vyd.
|
| 260 |
|
|
|a Praha
|b Státní nakladatelství technické literatury
|c 1966
|e Brno
|f Tisk 1
|
| 300 |
|
|
|a 147, [1] s.
|c 8°
|e [3] obr. príl.
|
| 490 |
0 |
|
|a Knižnice strojírenské výroby
|v sv. 116
|
| 500 |
|
|
|a Prehľ. lit. S fot. a tb. v texte
|
| 650 |
0 |
7 |
|a plošné tvárnenie
|2 SNKPH
|9 106212
|
| 650 |
0 |
7 |
|a valcovanie
|2 SVKBBPH
|9 281420
|
| 700 |
1 |
|
|a Výkruta, Jan
|4 aut
|9 281421
|
| 852 |
|
|
|a Slovenská národná knižnica
|
| 954 |
|
|
|a tvárnenie plošné
|a valčekovanie dynamické
|a časti strojov
|
| 958 |
|
|
|a OND
|
| 999 |
|
|
|c 536634
|d 538564
|
| 952 |
|
|
|t P60, <04>, [BOOK], {604}
|a SNK
|b SNK
|y VYP
|7 0
|p 17A0188389
|o snkID 41116
|0 0
|1 0
|4 0
|d 1999-04-22
|l 0
|r 2005-01-01 00:00:00
|w 2026-02-23
|